000 00898cam a22002653a 4500
001 1663
003 PGUSA
005 20140828083005.0
008 990301s1999||||xxu|||||s|||||000 | eng d
040 _aPGUSA
_beng
042 _adc
050 4 _aE300
100 1 _aFoster, Herbert Darling,
_d1863-1927
245 1 0 _aWebster's Seventh of March Speech and the Secession Movement, 1850
_h[electronic resource] /
_cHerbert Darling Foster
260 _bProject Gutenberg,
_c1999
506 _aPublic domain in the USA.
516 _aElectronic text
653 _aSecession
653 _aWebster, Daniel, 1782-1852. Seventh of March speech
700 1 _aStephenson, Nathaniel W.
_q(Nathaniel Wright),
_d1867-1935
740 0 _aWebster's 7th of March Speech and the Secession Movement, 1850
830 0 _aProject Gutenberg
_v1663
856 4 0 _uhttp://www.gutenberg.org/ebooks/1663
942 _cEB
999 _c231009
_d231009